000 00487cam a22002052a 4500
001 024412
003 AR-FADEU
008 311216n1995####xxu####################dd
020 _a84-206-0728-2
092 _a320.52
_bN723
_eBDT
100 _aNisbet, Robert A.
245 _aConservadurismo
260 _aMadrid
260 _bAlianza
260 _c1995
300 _a169 p
440 _aEl libro de bosillo, humanidades
_n1728
650 _aCONSERVADURISMO/BDT/
942 _cBDT
999 _c30100
_d30100